00661nam a2200217 a 4500008004100000020002900041020002900070245007500099260004400174300003500218440003800253504004200291500002000333650001800353700001500371700001500386700001500401003000100416005001700417040000900434  a0909079609 (de luxe ed.) a0909079595 (standard ed.10aFrancois Levaillant and the birds of AfricacL.C.Rookmaaker ...[et al] aJohannesburg :bBrenthurst Press,c2004 axvii, 484 p. :bill. ;c28 cm. aThe Brenthurst Press 3rd series.  aIncludes bibliographical references.  aIncludes index. 1aBirdsxAfrica aSpary,E.C. aGlenn,I.E. aMundy,P.J.20230123134227.0 cNUST